1993 1679 1446 1895 1545 1194 1470 1180 1133 1732 1058 1791 1404 1680 1867 1730 1081 1474 1954 1551 1676 1560 1709 1962 1446 1301 1358 1947 1483 1399 1223 1208 1538 1834 1051 1991 1130 1874 1291 1682 1528 1243 1075 1648 1816 1909 1175 1345 1800 1203 1564 1578 1745 1533 1287 1774 1197 1702 1206 1832 1396 1060 1858 1283 1584 1509 1681 1842 1539 1461 1589 1642 1251 1060 1693 1479 1633 1660 1945 1149 1430 1676 1745 1537 1892 1110 1233 1268 1096 1942 1221 1879 1960 1345 1482 1433 1151 1023 1626 BCNSPRNW ULIB Ver.6.0+V

เปลี่ยนเป็นภาษาไทย

Change to English
 แสดงรายละเอียดบรรณานุกรม
  กลับหน้าหลัก

Brief Record : Get Marc (ISO 2709) : E-mail record : QR code < ปิดหน้าต่าง
LEADER : 00000nam 2200000uu 4500
001    13399122567
003     ULIB
008    130731s2548||||th 000 0 tha d
099  0 ^aวจ.WY18.2^bป533ก
100 0  ^aปัทมา แคนยุกต์
245 00 ^aการพัฒนาบทเรียนโปรแกรมเรื่อง ยาสลบ สำหรับนักศึกษาพยาบาลศาสตร์/^cปัทมา แคนยุกต์
250    ^aพิมพ์ครั้งที่ 1
260    ^aตรัง:^bวิทยาลัยพยาบาลบรมราชชนนี ตรัง,^c2547
300    ^a43 หน้า;^c29ซม.
650  0 ^aวิจัย
650  0 ^aการพัฒนาบทเรียนโปรแกรม^xวิจัย
650  0 ^aยา^xวิจัย
700 0  ^aดวงแข รักไทย
945    ^p0^l0^i20011
999    ^aทศพร เกษรทอง
รายการนี้ยังไม่มีแท็ก
คุณยังไม่ได้ล็อกอิน คุณสามารถมีกิจกรรมร่วมกับเว็บไซต์ได้ แต่ต้องล็อกอินก่อน ::
  ล็อกอิน

รายการสื่อสารสนเทศ

ลำดับที่ ประเภท เลขเรียก/บาร์โค้ด สถานที่ สถานะ
1. งานวิจัย
งานวิจัย
วจ.WY18.2 ป533ก ฉ.1 
  Barcode: 20011
ห้องสมุดวิทยาเขตสวรรค์ประชารักษ์
►วิจัย
บนชั้น

รายการใกล้เคียง
    ผู้แต่ง [ปัทมา แคนยุกต์]

    หัวเรื่อง [วิจัย]

BibComment


ยังไม่เคยถูกคอมเมนท์

คอมเมนท์ทรัพยากรรายการนี้
  คอมเมนท์: การพัฒนาบทเรียนโ..


 Copyright 2026. Bcnsprnw @Library